Microsoft Visual Basic 6.0 příručka programátora

Gespeichert in:
Bibliographische Detailangaben
Weitere Verfasser: Kahoun, Petr, Cacek, Tomáš
Format: Buch
Sprache:Tschechisch
Veröffentlicht: Brno Computer Press 2003
Ausgabe:2. vyd.
Schlagworte:
Tags: Tag hinzufügen
Keine Tags, Fügen Sie das erste Tag hinzu!

MARC

LEADER 00000nam$a2200000$$$4500
001 0035298
005 20240313133222.7
020 |a 80-7226-154-1 
041 0 |a cze 
044 |a CZ 
245 1 0 |a Microsoft Visual Basic 6.0  |b příručka programátora  |c Microsoft Press 
250 |a 2. vyd. 
264 1 |a Brno  |b Computer Press  |c 2003 
300 |a 820 s. 
610 2 0 |a programovanie 
610 2 0 |a programátori 
610 2 0 |a softvér 
610 2 0 |a jazyky programovacie 
610 2 0 |a projekty 
610 2 0 |a grafika počítačová 
610 2 0 |a Visual Basic 6.0 
700 1 |a Kahoun, Petr 
700 1 |a Cacek, Tomáš